000 00596nam a2200169 4500
001 127983
003 ES-MaACL
005 20230906193131.0
007 t|
008 070214s1961 cu r ||||1| spa d
100 1 _aRivero Muñiz, José.
_997706
245 1 3 _aEl movimiento obrero durante la primera intervención
_b: apuntes para la historia del proletariado en Cuba /
_cJosé Rivero Muñiz.
260 _aLa Habana :
_bUniversidad Central de Las Villas,
_c1961.
300 _a223 p. ;
_c21 cm.
710 2 _aUniversidad Central de Las Villas.
_97082
852 _aES-MaACL
_jC-22059
_bR.50777
999 _c127983
_d127983